| 000 | 00707nam a2200253Ia 4500 | ||
|---|---|---|---|
| 003 | OSt | ||
| 005 | 20220927110644.0 | ||
| 006 | a|||||r|||| 00| 0 | ||
| 007 | ta | ||
| 008 | 220926b |||||||| |||| 00| 0 eng d | ||
| 024 | _a109720 | ||
| 037 | _cReports | ||
| 040 |
_aRTL _cRTL _beng |
||
| 041 |
_2eng _aeng |
||
| 082 | _a"X9(M75):9-16.212.N58t4, K0" | ||
| 110 |
_aINDIA _9352601 |
||
| 245 | 0 | _aFamily living survey Appleppey | |
| 260 |
_aDelhi _bManager Of Publication India _c1958 |
||
| 300 |
_a90p. _ccm. |
||
| 650 | _aOther Fibre Industry | ||
| 700 |
_aINDIA _9352603 |
||
| 942 |
_h"X9(M75):9-16.212.N58t4, K0" _cCC |
||
| 999 |
_c697531 _d697531 |
||